000 00852nam a2200253Ia 4500
003 OSt
005 20220925195241.0
006 a|||||r|||| 00| 0
007 ta
008 220923b |||||||| |||| 00| 0 eng d
020 _a9781845427573
_c4316.6099999999997
037 _b45, 17/09/2010, Indu Book Services
_cGeneral Book
040 _aRTL
_cRTL
_beng
041 _2eng
_aeng
082 _aX:9, P7
100 _aPENNINGS Johannes M
_9253914
245 0 _aHuman capital interfirm mobility and organizational evolution
260 _aCheltenham
_bEdward Elgar
_c2007
300 _axi, 292p Bibliography: P 250-83
_ccm.
650 _aCommerce
700 _a WEZEL Filippo Carlo
_9253915
942 _hX:9, P7
_cGB
_2CC
999 _c532323
_d532323